Estudios del Departamento de Historia Moderna. (Record no. 173570)

MARC details
000 -LEADER
campo de control de longitud fija 01330nam a2200193 i 4500
001 - NÚMERO DE CONTROL
campo de control 173570
003 - IDENTIFICADOR DE NÚMERO DE CONTROL
campo de control ES-MaACL
005 - FECHA Y HORA DE LA ÚLTIMA TRANSACCIÓN
campo de control 20230906215257.0
008 - DATOS DE LONGITUD FIJA--INFORMACIÓN GENERAL
campo de control de longitud fija 091209s1973 sp |||| | spa d
020 ## - NÚMERO INTERNACIONAL ESTÁNDAR DEL LIBRO
Número Internacional Estándar del Libro 84-7078-358-0
080 ## - NÚMERO DE LA CLASIFICACIÓN DECIMAL UNIVERSAL
Número de la Clasificación Decimal Universal 94(100)"14/17"
245 00 - MENCIÓN DEL TÍTULO
Título Estudios del Departamento de Historia Moderna.
260 ## - PUBLICACIÓN, DISTRIBUCIÓN, ETC.
Lugar de publicación, distribución, etc. Zaragoza :
Nombre del editor, distribuidor, etc. Facultad de Filosofía y Letras,
Fecha de publicación, distribución, etc. 1973.
300 ## - DESCRIPCIÓN FÍSICA
Extensión V, 121 p. ;
Dimensiones 24 cm.
505 0# - NOTA DE CONTENIDO CON FORMATO
Nota de contenido con formato P.1: Escritores aragoneses de asuntos económicos durante el reinado de los Reyes Católicos / Eduardo Ibarra y Rodríguez - P. 9: El gran maestre don Juan Fernández de Heredia y los orígenes del humanismo aragonés - P.17: Noticias de la peste de Zaragoza de 1652 / Jesús Maiso González - P.47: Luisiana española / Juan José Andreu Ocariz - P. 73: Organización laboral, sueldos, salarios, en una fábrica santanderina, a finales del Antiguo Régimen: La Cavada, 1750-1820 / José Alcalá-Zamora y Queipo de Llano - P. 93: La evangelización católica de los Natchez / Fernando Solano Costa - P.: 103: Relaciones diplomáticas entre España y los Estados Unidos de Norteamérica a fines del siglo XVIII / José Antonio Armillas Vicente
651 #4 - PUNTO DE ACCESO ADICIONAL DE MATERIA--NOMBRE GEOGRÁFICO
Nombre geográfico España-
Subdivisión general Historia.
9 (RLIN) 8209
710 2# - ENTRADA AGREGADA--NOMBRE DE ENTIDAD CORPORATIVA
Nombre de entidad corporativa o nombre de jurisdicción como elemento de entrada Universidad de Zaragoza.
Unidad subordinada Facultad de Filosofía y Letras.
9 (RLIN) 169928
852 ## - LOCALIZACIÓN
Ubicación ES-MaACL
Número de control de estantería C-54236
Holdings
Estatus retirado Estado de pérdida Estado de daño No para préstamo Biblioteca de origen Biblioteca actual Ubicación en estantería Fecha de adquisición Fuente de adquisición Total de préstamos Signatura topográfica completa Código de barras Visto por última vez Precio de reemplazo Tipo de ítem Koha
        Biblioteca del Ateneo de Madrid Biblioteca del Ateneo de Madrid Depósito 2 09/12/2009     C-54236 1182149 23/02/2023 23/02/2023 Libro impreso